2022-23 New York Jets Roster - Statistics

General Stats
  • This quiz has been taken 116 times
  • The average score is 31 of 52
Answer Stats
Number Position Player % Correct
2 QB Zach Wilson
100%
17 WR Garrett Wilson
99%
5 QB Mike White
96%
1 CB Sauce Gardner
96%
19 QB Joe Flacco
87%
32 RB Michael Carter
87%
30 CB Michael Carter II
87%
4 CB D.J. Reed
85%
37 CB Bryce Hall
84%
84 WR Corey Davis
84%
56 LB Quincy Williams
84%
95 DL Quinnen Williams
84%
10 WR/PR Braxton Berrios
83%
8 WR Elijah Moore
83%
21 S Ashtyn Davis
81%
3 S Jordan Whitehead
81%
57 LB C.J. Mosley
79%
25 RB Ty Johnson
75%
87 TE C.J. Uzomah
73%
52 DE Jermaine Johnson II
73%
6 K Greg Zuerlein
72%
83 TE Tyler Conklin
71%
16 WR Jeff Smith II
69%
27 RB Zonovan "Bam" Knight
68%
7 P Braden Mann
67%
11 WR Denzel Mims
67%
60 C Connor McGovern
61%
9 LB Kwon Alexander
60%
89 TE Jeremy Ruckert
55%
47 DL Bryce Huff
53%
29 S Lamarcus Joyner
53%
58 DL Carl Lawson
52%
71 T Duane Brown
52%
91 DL John Franklin-Myers
49%
42 LS Thomas Hennessy
49%
26 CB Brandin Echols
47%
78 G Laken Tomlinson
43%
23 RB James Robinson
41%
94 DL Solomon Thomas
41%
76 T George Fant
40%
34 CB Justin Hardee
39%
72 DL Micheal Clemons
37%
98 DL Sheldon Rankins
36%
44 LB Jamien Sherwood
35%
67 OL Dan Feeney
32%
45 LB Hamsah Nasirildeen
28%
65 OL Nate Herbig
25%
88 TE Kenny Yeboah
24%
99 DL Vinny Curry
17%
97 DL Nathan Shepherd
16%
66 OL Laurent Duvernay-Tardif
13%
68 OL Mike Remmers
13%
No matching quizzes found
Score Distribution
Percent of People with Each Score
Percentile by Number Answered
Your Score History
You have not taken this quiz